00359nam a2200133Ia 4500008004100000020001800041041001200059082002000071100002200091245005900113260003000172300001200202500001100214231221s9999 xx 000 0 und d a81-7391-782-5 aEnglish a642.4 NAG;1 R aNagrath, Kushagra 0aBanqueting and catering management : the basic concept c2006bKanishkaaNew Delhi axvi+117 aE.-509